000 00650nam a2200265Ia 4500
005 20260306164332.0
008 008 260114s9999 xx 000 0 eng d
020 _a9780226201979
037 _aEBOOK
040 _aCRL
040 _beng
040 _cCRL
041 _2eng
041 _aeng
084 _qCRL
100 _aBrown
245 0 _aHow The Financial Crisis And Great Recession Affected Higher Education
260 _bUniversity of Chicago Press
260 _c2015
650 _aEconomics & Finance
856 _uhttps://academic.oup.com/book/19436
942 _cEBOOK
999 _c1713694
_d1713694